Collective intelligence in design / (Record no. 353107)
[ view plain ]
| 000 -LEADER | |
|---|---|
| fixed length control field | 01934 a2200301 4500 |
| 003 - CONTROL NUMBER IDENTIFIER | |
| control field | OSt |
| 005 - DATE AND TIME OF LATEST TRANSACTION | |
| control field | 20180116192356.0 |
| 008 - FIXED-LENGTH DATA ELEMENTS--GENERAL INFORMATION | |
| fixed length control field | 120606t xxu||||| |||| 00| 0 eng d |
| 020 ## - INTERNATIONAL STANDARD BOOK NUMBER | |
| International Standard Book Number | 0470026529 (paperback) |
| 020 ## - INTERNATIONAL STANDARD BOOK NUMBER | |
| International Standard Book Number | 9780470026526 (paperback) |
| 040 ## - CATALOGING SOURCE | |
| Transcribing agency | 0 |
| 082 04 - DEWEY DECIMAL CLASSIFICATION NUMBER | |
| Classification number | 729 |
| 245 10 - TITLE STATEMENT | |
| Title | Collective intelligence in design / |
| Statement of responsibility, etc. | Christopher Hight, Chris Perry. |
| 250 ## - EDITION STATEMENT | |
| Edition statement | 1st ed. |
| 260 ## - PUBLICATION, DISTRIBUTION, ETC. | |
| Place of publication, distribution, etc. | London : |
| Name of publisher, distributor, etc. | Academy Press, |
| Date of publication, distribution, etc. | 2006. |
| 300 ## - PHYSICAL DESCRIPTION | |
| Extent | 136 p. : |
| Other physical details | ill. ; |
| Dimensions | 28 cm. |
| 490 1# - SERIES STATEMENT | |
| Series statement | Architectural design. |
| 520 ## - SUMMARY, ETC. | |
| Summary, etc. | Exploring how today’s most compelling architecture is emerging from new forms of collaborative practice, this title of AD engages three predominant phenomena: architecture’s relationship with digital and telecommunication technology; the media; and economies of globalisation. The articles in the issue explore the relationship between these readings and examine, for the first time, the implications of these phenomena upon forms of architectural invention and production. While much attention has been focused upon the influence of digital media on architectural form and technique, little has examined its far broader implications for forms of architectural practice. Yet, as with modernism and the professionalization of architecture at the end of the 19 th century and the rise of architectural corporations in the mid-20 th century, the future of architectural design will inevitably depend upon reconfigurations of architectural authorsh |
| 650 10 - SUBJECT ADDED ENTRY--TOPICAL TERM | |
| Topical term or geographic name entry element | Architectural decoration |
| 9 (RLIN) | 4006 |
| 650 10 - SUBJECT ADDED ENTRY--TOPICAL TERM | |
| Topical term or geographic name entry element | Interior design |
| 9 (RLIN) | 4007 |
| 650 10 - SUBJECT ADDED ENTRY--TOPICAL TERM | |
| Topical term or geographic name entry element | Interior architecture |
| 9 (RLIN) | 4008 |
| 700 ## - ADDED ENTRY--PERSONAL NAME | |
| Personal name | Hight, Christoph |
| 9 (RLIN) | 4009 |
| 700 ## - ADDED ENTRY--PERSONAL NAME | |
| Personal name | Perry, Chr |
| 9 (RLIN) | 4010 |
| 830 ## - SERIES ADDED ENTRY--UNIFORM TITLE | |
| Uniform title | Architectural desi |
| 9 (RLIN) | 4011 |
| 856 ## - ELECTRONIC LOCATION AND ACCESS | |
| Materials specified | Amazon.com |
| Uniform Resource Identifier | <a href="http://www.amazon.com/exec/obidos/ASIN/0470026529/chopaconline">http://www.amazon.com/exec/obidos/ASIN/0470026529/chopaconline</a> |
| 942 ## - ADDED ENTRY ELEMENTS (KOHA) | |
| Institution code [OBSOLETE] | SADA |
| Koha item type | Book |
| Call number prefix | 729 COL 2006 |
| Source of classification or shelving scheme | |
| 952 ## - LOCATION AND ITEM INFORMATION (KOHA) | |
| -- | BOOK |
| Withdrawn status | Lost status | Source of classification or shelving scheme | Damaged status | Not for loan | Permanent Location | Current Location | Date acquired | Total Checkouts | Full call number | Barcode | Date last seen | Date last checked out | Cost, replacement price | Price effective from | Koha item type |
|---|---|---|---|---|---|---|---|---|---|---|---|---|---|---|---|
| School of Art Design and Architecture (SADA) | School of Art Design and Architecture (SADA) | 06/02/2011 | 3 | 729 COL 2006 | SADA0001147 | 03/25/2015 | 03/20/2015 | 2595.00 | 08/05/2011 | Book |
